| 000 | 01106nam a2200241Ia 4500 | ||
|---|---|---|---|
| 008 | 130821s2010 xxu gr mul | ||
| 020 | _a9780827054868 | ||
| 040 |
_aCo-BoUCM _bspa |
||
| 041 | 0 | 0 | _amul |
| 110 | 2 |
_aOrganización de los Estados Americanos _983698 |
|
| 245 | 1 | 0 |
_aEstándares de libertad de expresión para una radiodifusión libre e incluyente = Freedom of expression standards for free and inclusive broadcasting _cOrganización de los Estados Americanos = Organization of American States |
| 260 |
_a[Washington] _bOrganizacion de los Estados Americanos _c2010 |
||
| 300 | _a54 páginas, 53 páginas | ||
| 500 | _aRelatoria especial para la libertad de expresión. | ||
| 501 | _aCon: Freedom of expression standards for free and inclusive broadcasting | ||
| 650 | 0 | 4 |
_aDerechos civiles _912857 |
| 650 | 0 | 4 |
_aLibertad de información _918478 |
| 650 | 0 | 4 |
_aPeriodismo _921340 |
| 650 | 0 | 4 |
_aRadio _xAspectos políticos _923038 |
| 710 | 2 |
_aComisión Interamericana de Derechos Humanos _9106185 |
|
| 942 |
_cLIBRO _a5 _e1 _mO686e _2DEWEY _h070.194 |
||
| 999 |
_c72565 _d72565 |
||